Largest Land Masses in the World - Statistics

General Stats
  • This quiz has been taken 59 times
  • The average score is 64 of 326
Answer Stats
Country Size (Km²) Answer % Correct
Denmark 2,130,800 Greenland
100%
Itself 7,595,342 Australia
98%
Indonesia,Malaysia,Brunei 748,168 Borneo
98%
Japan 225,800 Honshu
98%
Indoesia, Papua New Guinea 785,753 New Guinea
98%
Itself 587,041 Madagascar
96%
Various 84,980,532 Afro-Eurasia
93%
Various 42,549,000 Americas
93%
None 14,000,000 Antarctica
93%
Itself 105,806 Cuba
93%
Indonesia 138,794 Java
93%
New Zealand 145,836 South Island
93%
United Kingdom 209,331 Great Britain
91%
Haiti, Dominican Republic 73,929 Hispaniola
91%
New Zealand 111,583 North Island
91%
Indonesia 443,065 Sumatra
91%
Itself, United Kingdom 9,234 Cyprus
89%
Japan 78,719 Hokkaido
89%
Itself, United Kingdom 84,421 Ireland
89%
Itself 101,826 Iceland
87%
Itself 65,268 Sri Lanka
87%
Italy 23,949 Sardinia
84%
Australia 65,022 Tasmania
84%
Canada 507,451 Baffin Island
82%
France 8,741 Corsica
82%
Itself 11,190 Jamaica
82%
Italy 25,711 Sicily
82%
Itself 34,507 Taiwan
82%
Philipines 109,965 Luzon
78%
Greece 8,350 Crete
73%
Japan 37,437 Kyushu
73%
Canada 108,860 Newfoundland
73%
Indonesia 180,681 Sulawesi
73%
United States 10,434 Hawai'i
69%
United States 9,100 Puerto Rico
69%
Trinidad and Tobago 5,009 Trinidad
69%
Canada 217,291 Victoria Island
69%
Canada 196,236 Ellesmere Island
67%
Norway 38,981 Spitsbergen
64%
Indonesia, Itself 28,418 Timor
64%
Canada 31,285 Vancouver Island
64%
Denmark 7,031 Zealand
62%
Indonesia 5,416 Bali
58%
United States 3,629 Long Island
58%
Spain 3,667 Mallorca
58%
China 33,210 Hainan
56%
Philipines 97,530 Mindanao
56%
Canada 5,620 Prince Edward Island
56%
Japan 18,545 Shikoku
56%
Itself 1,874 Mauritius
53%
United States 1,583 Oahu
53%
Russia 72,493 Sakhalin
53%
South Korea 1,826 Jeju Island
47%
Japan 1,200 Okinawa Island
47%
Greece 1,410 Rhodes
47%
Comoros 1,013 Grand Comore
44%
Chile, Argentina 47,922 Isla Grande de Tierra del Fuego
44%
Spain 2,008 Tenerife
42%
Canada 70,028 Banks Island
40%
Philipines 4,468 Cebu
40%
Papua New Guinea 35,145 New Britain
40%
France 16,648 New Caledonia
40%
None 3,500 Bear Island
38%
Spain 1,530 Gran Canaria
38%
Greece 1,641 Lesbos
36%
United Kingdom 7,040 East Falkland
33%
Sweden 2,994 Gotland
33%
United States 9,310 Kodiak Island
33%
Yemen 3,607 Socotra
33%
United Kingdom 4,531 West Falkland
33%
Russia 33,246 Yuzhny Island
33%
United Kingdom 2,086 Lewis and Harris
31%
France 1,167 Martinique
31%
Russia 47,079 Severny Island
31%
United Kingdom 1,659 Skye
31%
United States 1,435 Kauai
27%
Indonesia 4,625 Lombok
27%
Canada 33,339 Prince of Wales Island
27%
United States 6,675 Prince of Wales Island
27%
France 2,535 Réunion
27%
Papua New Guinea 9,318 Bougainville Island
24%
Indonesia 14,154 Flores
24%
Bahamas 1,096 Grand Bahama
24%
United States 1,903 Maui
24%
France 1,069 Tahiti
24%
Greece 3,707 Euboea
22%
Papua New Guinea 7,405 New Ireland
22%
Canada 41,214 Southampton Island
22%
United Kingdom 3,718 South Georgia
22%
Denmark 2,985 Funen
20%
Philipines 12,189 Palawan
20%
Tanzania 1,575 Zanzibar
20%
Canada 10,311 Cape Breton Island
18%
Canada 55,247 Devon Island
18%
Canada 42,149 Melville Island
18%
Australia 5,765 Melville Island
18%
Philipines 13,075 Negros
18%
Russia 14,204 October Revolution Island
18%
Fiji 10,531 Viti Levu
18%
None 49,070 Alexander Island
16%
Canada 7,941 Anticosti Island
16%
Indonesia 18,040 Halmahera
16%
Australia 1,121 King Island
16%
Philipines 7,368 Leyte
16%
Brazil 40,100 Marajó
16%
Columbia 2,100 Margarita Island
16%
Venezuela 1,020 Margarita Island
16%
Philipines 12,011 Panay
16%
Canada 16,042 Bathurst Island
13%
Australia 1,692 Bathurst Island
13%
Soloman Islands 5,353 Guadalcanal
13%
Denmark 1,243 Lolland
13%
Philipines 10,572 Mindoro
13%
Canada 9,521 Prince Charles Island
13%
Estonia 2,672 Saaremaa
13%
Indonesia 17,454 Seram
13%
Indonesia 10,711 Sumba
13%
Indonesia 14,386 Sumbawa
13%
Russia 7,866 Wrangel Island
13%
Canada 43,178 Axel Heiberg Island
11%
Philipines 3,821 Bohol
11%
Canada 2,358 Cornwall Island
11%
Spain 1,633 Fuerteventura
11%
None 1,384 King George Island
11%
Canada 13,111 King William Island
11%
Sweden 1,347 Öland
11%
Canada 24,786 Somerset Island
11%
Indonesia 11,413 Bangka
9%
Equitorial Guinea 1,935 Bioko
9%
Indonesia 4,408 Buton
9%
Chile 8,478 Chiloé Island
9%
Cuba 2,237 Isla de la Juventud
9%
Norway 14,467 Nordaustlandet
9%
Canada 15,848 Prince Patrick Island
9%
None 2,460 Ross Island
9%
Bahamas 1,448 South Andros Island
9%
None 43,873 Berkner Island
7%
Russia 11,206 Bolshevik Island
7%
Canada 11,067 Bylot Island
7%
Canada 6,995 Cornwallis Island
7%
Canada 11,295 Ellef Ringnes Island
7%
Australia 1,840 Fraser Island
7%
Canada 6,361 Graham Island
7%
Canada 1,378 Graham Island
7%
Estonia 1,031 Hiiumaa
7%
Australia 4,374 Kangaroo Island
7%
France 6,617 Kerguelen
7%
Russia 8,812 Komsomolets Island
7%
Russia 24,000 Kotelny Island
7%
Bahamas 3,439 North Andros Island
7%
Iran 1,488 Qeshm
7%
Philipines 12,849 Samar
7%
India 1,211 South Andaman Island
7%
Samoa 1,125 Upolu
7%
Fiji 5,587 Vanua Levu
7%
Canada 1,137 Wales Island
7%
Indonesia 11,742 Yos Sudarso
7%
Russia 1,095 Alexandra Land
4%
Indonesia 2,120 Alor Island
4%
United States 1,061 Atka Island
4%
Brazil 20,000 Bananal
4%
Norway 1,288 Barentsøya
4%
Indonesia 4,478 Belitung
4%
Bangladesh 1,441 Bhola Island
4%
Indonesia 1,904 Biak
4%
Indonesia 1,173 Bintan Island
4%
Canada 2,794 Borden Island
4%
Indonesia 8,473 Buru
4%
China 1,267 Chongming Island
4%
Canada 5,498 Coats Island
4%
Canada 1,585 Flaherty Island
4%
Denmark 1,717 Geographical Society Island
4%
Ecuador 4,711 Isabela Island
4%
Canada 5,048 Mackenzie King Island
4%
Indonesia 4,429 Madura Island
4%
Canada 2,766 Manitoulin Island
4%
Papua New Guinea 1,940 Manus
4%
India 1,536 Middle Andaman Island
4%
Indonesia 4,048 Nias
4%
India 2,781 North Andaman Island
4%
Denmark 4,685 North Jutlandic Island
4%
Canada 1,372 Nottingham Island
4%
Brazil 1,410 São Luís Island
4%
Samoa 1,718 Savai'i
4%
New Zealand 1,815 Stewart Island
4%
None 15,700 Thurston Island
4%
United States 2,722 Unalaska Island
4%
United States 1,809 Afognak
2%
Canada 1,720 Air Force Island
2%
Canada 5,255 Amund Ringnes Island
2%
None 2,432 Anvers Island
2%
Chile 1,164 Aracena Island
2%
Russia 2,000 Ayon
2%
Indonesia 1,900 Bacan
2%
Philipines 1,266 Basilan
2%
Russia 1,810 Bely Island
2%
Russia 1,660 Bering Island
2%
Russia 1,764 Bolshoy Begichev Island
2%
Russia 1,766 Bolshoy Shantar Island
2%
Canada 1,150 Byam Martin Island
2%
Canada 1,059 Cameron Island
2%
Chile 1,188 Campana Island
2%
None 8,500 Carney Island
2%
Philipines 1,523 Catanduanes
2%
None 1,500 Charcot Island
2%
Soloman Islands 2,971 Choiseul Island
2%
Chile 1,111 Clarence Island
2%
Denmark 1,535 Clavering Island
2%
Chile 1,290 Dawson Island
2%
Denmark 8,612 Disko Island
2%
Canada 1,541 Eglinton Island
2%
Vanuatu 3,956 Espiritu Santo
2%
Papua New Guinea 1,437 Fergusson Island
2%
Australia 1,330 Flinders Island
2%
Russia 1,049 Gallya
2%
Russia 1,557 Graham Bell Island
2%
Bahamas 1,146 Great Abaco
2%
Bahamas 1,615 Great Inagua
2%
India 1,524 Great Karimun
2%
Australia 2,285 Groote Eylandt
2%
Norway 2,198 Hinnøya
2%
None 2,598 James Ross Island
2%
None 1,607 Joinville Island
2%
Russia 2,404 Karaginsky Island
2%
Indonesia 1,723 Kobroor
2%
United States 1,962 Kuiu
2%
Russia 1,612 Kunashir Island
2%
Indonesia 2,057 Laut Island
2%
Indonesia 1,270 Lembata
2%
France 1,146 Lifou Island
2%
Canada 1,308 Lougheed Island
2%
Chile 1,043 Madre de Dios Island
2%
Chile 2,025 Magdalena Island
2%
Soloman Islands 3,836 Malaita
2%
Vanuatu 2,041 Malakula
2%
Indonesia 1,229 Mangole
2%
Philipines 3,286 Masbate Island
2%
None 1,258 Mill Island
2%
Indonesia 2,034 Misool
2%
Canada 2,608 Moresby Island
2%
Senegal 1,250 Morfil
2%
Australia 1,002 Mornington Island
2%
Indonesia 2,266 Morotai
2%
Indonesia 2,889 Muna Island
2%
Denmark 1,466 Nares Land
2%
Indonesia 1,720 Natuna Besar
2%
Chile 2,473 Navarino Island
2%
United States 2,183 Nelson Island
2%
Soloman Islands 2,037 New Georgia
2%
Papua New Guinea 1,227 New Hannover Island
2%
Russia 6,201 New Siberia
2%
Papua New Guinea 1,040 Normanby Island
2%
Indonesia 2,542 Obira
2%
Russia 1,197 Oleniy Island
2%
Indonesia 1,109 Padang Island
2%
Russia 2,471 Paramushir
2%
Indonesia 2,346 Peleng
2%
Russia 1,527 Pioneer Island
2%
Canada 1,375 Pitt Island
2%
Canada 2,251 Princess Royal Island
2%
Myanmar 1,350 Ramree Island
2%
Indonesia 1,598 Rantau
2%
Canada 2,020 René-Levasseur Island
2%
Canada 1,015 Resolution Island
2%
Canada 2,165 Richards Island
2%
None 7,910 Roosevelt Island
2%
Indonesia 1,227 Rote Island
2%
Canada 1,090 Rowley Island
2%
Indonesia 1,490 Rupat
2%
Finland 1,069 Sääminginsalo
2%
Indonesia 1,623 Salawati
2%
Norway 1,590 Senja
2%
Chile 1,063 Serrano Island
2%
Denmark 1,259 Shannon Island
2%
None 1,159 Sherman Island
2%
Indonesia 3,829 Siberut
2%
Indonesia 1,754 Simeulue
2%
Sweden 1.207 Södertörn
2%
Finland 1,635 Soisalo
2%
United States 5,135 St. Lawrence Island
2%
Indonesia 1,604 Tanahbesar
2%
Mexico 1,190 Tiburón Island
2%
Indonesia 2,149 Trangan
2%
Brazil 3,600 Tupinambarana (Northern Part)
2%
Brazil 7,700 Tupinambarana (Western Part)
2%
United States 1,793 Umnak
2%
Russia 1,437 Urup
2%
Chile 5,556 Wellington Island
2%
Indonesia 2,278 Yapen
2%
Denmark 2,437 Ymer Island
2%
Slovakia 1,886 Žitný Ostrov
2%
None 4,463 Adelaide Island
0%
United States 4,362 Admiralty Island
0%
Canada 3,001 Akimiski Island
0%
United States 4,065 Baranof Island
0%
Russia 5,157 Bolshoy Lyakhovsky Island
0%
Brazil 5,000 Caviana
0%
United States 5,388 Chichagof Island
0%
Chile 1,352 Desolactión Island
0%
Norway 5,073 Edgeøya
0%
Brazil 4,864 Gurupá
0%
Chile 4,117 Hoste Island
0%
Canada 1,126 Îsle Vanier
0%
Russia 3,238 Iturup
0%
Russia 4,968 Kolguyev Island
0%
United States 2,813 Kupreanof Island
0%
Soloman Islands 3,190 Makira
0%
Canada 3,180 Mansel Island
0%
Denmark 3,913 Milne Land
0%
United States 4,209 Nunivak Island
0%
United States 2,965 Revillagigedo Island
0%
Chile 5,110 Riesco Island
0%
Chile 2,688 Santa Inés Island
0%
Soloman Islands 3,665 Santa Isabel Island
0%
None 6,390 Siple Island
0%
None 4,100 Spaatz Island
0%
Canada 4,463 Stefansson Island
0%
Indonesia 2,913 Taliabu
0%
Denmark 3,542 Traill Island
0%
United States 4,119 Unimak Island
0%
Russia 3,329 Vaygach Island
0%
Indonesia 3,060 Waigeo
0%
Indonesia 3,600 Wetar
0%
Russia 2,203 Wilczek Island
0%
Indonesia 3,100 Yamdena
0%
Russia 2,821 Zemlya Georga
0%
No matching quizzes found
Score Distribution
Percent of People with Each Score
Percentile by Number Answered
Your Score History
You have not taken this quiz